[Event "SVK-ch U16 Girls"]
[Site "Tatralandia"]
[Date "2024.04.07"]
[Round "3"]
[White "Berkova, Agata"]
[Black "Truskova, Stela"]
[Result "0-1"]
[WhiteElo "1462"]
[BlackElo "1684"]
[PlyCount "36"]
[EventDate "2024.04.05"]
[EventType "swiss"]
[EventRounds "9"]
[EventCountry "SVK"]
[SourceTitle "CB16_2024"]
[SourceDate "2024.04.17"]
[SourceVersion "1"]
[SourceVersionDate "2024.04.17"]
[SourceQuality "1"]

1. c4 e5 2. Nc3 g6 3. Nf3 Bg7 4. d4 exd4 5. Nxd4 d6 6. e4 Nf6 7. Be2 0-0 8. 0-0 Nbd7 9. Bf4 Re8 10. Bf3 Ne5 11. Qe2 Nxf3+ 12. gxf3 Bh3 13. Rfe1 Nh5 14. Bg3 Bxd4 15. Nd5 Nxg3 16. hxg3 Qg5 17. g4 Qh4 18. Ne3 Be5 0-1

[Event "SVK-ch U16 Girls"]
[Site "Tatralandia"]
[Date "2024.04.06"]
[Round "2"]
[White "Galdunova, Zuzana"]
[Black "Berkova, Agata"]
[Result "0-1"]
[WhiteElo "1557"]
[BlackElo "1462"]
[PlyCount "86"]
[EventDate "2024.04.05"]
[EventType "swiss"]
[EventRounds "9"]
[EventCountry "SVK"]
[SourceTitle "CB16_2024"]
[SourceDate "2024.04.17"]
[SourceVersion "1"]
[SourceVersionDate "2024.04.17"]
[SourceQuality "1"]

1. e4 e5 2. Bc4 Nf6 3. d4 exd4 4. Nf3 d5 5. exd5 Qe7+ 6. Be2 Nxd5 7. 0-0 Qf6 8. Bg5 Qg6 9. Re1 Be7 10. Bc4 Nf6 11. Qxd4 Nc6 12. Qh4 0-0 13. Bd3 Bf5 14. Bxf5 Qxf5 15. Re2 Rad8 16. Nc3 h6 17. Bxf6 Bxf6 18. Qe4 Qxe4 19. Rxe4 Bxc3 20. bxc3 Rfe8 21. Rxe8+ Rxe8 22. Rd1 Re2 23. Rd2 Rxd2 24. Nxd2 Kf8 25. Kf1 Ne5 26. h3 Ke7 27. Ke2 Kd6 28. Ke3 Kd5 29. f4 Nc4+ 30. Nxc4 Kxc4 31. Ke4 Kxc3 32. Ke5 Kxc2 33. g4 b5 34. f5 b4 35. f6 g6 36. h4 Kb2 37. Kf4 Kxa2 38. h5 g5+ 39. Kf5 b3 40. Ke5 b2 41. Kf5 b1Q+ 42. Ke5 Qe1+ 43. Kf5 Qe6# 0-1

[Event "SVK-ch U16 Girls"]
[Site "Tatralandia"]
[Date "2024.04.05"]
[Round "1"]
[White "Berkova, Agata"]
[Black "Horvathova, Hana"]
[Result "0-1"]
[WhiteElo "1462"]
[BlackElo "1730"]
[PlyCount "96"]
[EventDate "2024.04.05"]
[EventType "swiss"]
[EventRounds "9"]
[EventCountry "SVK"]
[SourceTitle "CB16_2024"]
[SourceDate "2024.04.17"]
[SourceVersion "1"]
[SourceVersionDate "2024.04.17"]
[SourceQuality "1"]

1. e4 e5 2. Nf3 Nc6 3. Bc4 Bc5 4. b4 Bxb4 5. c3 Bc5 6. d4 exd4 7. cxd4 Bb4+ 8. Bd2 Bxd2+ 9. Nbxd2 d6 10. Qb3 Qf6 11. e5 dxe5 12. Ne4 Qe7 13. dxe5 Nh6 14. 0-0 0-0 15. Rfe1 Nxe5 16. Nxe5 Qxe5 17. Rad1 b6 18. Nd6 Qf6 19. Nxc8 Raxc8 20. Rd7 Rfd8 21. Ree7 Rxd7 22. Rxd7 g6 23. Ba6 Re8 24. Rxc7 Re1+ 25. Bf1 Qa1 26. Rc8+ Kg7 27. Qc3+ Qxc3 28. Rxc3 Ra1 29. Ra3 a5 30. h3 Nf5 31. g3 Nd4 32. Kg2 Nc2 33. Ra4 Nb4 34. Bc4 f6 35. Kf3 g5 36. Ke4 h5 37. Kf5 Rh1 38. a3 Ra1 39. Bb3 Nd3 40. Rd4 Nc5 41. Bc4 Rxa3 42. f4 Rxg3 43. Rd8 gxf4 44. Rg8+ Kh7 45. Re8 f3 46. Kxf6 f2 47. Re7+ Kh6 48. Re8 Rf3+ 0-1

[Event "SVK-ch U14 Girls"]
[Site "Stara Lubovna"]
[Date "2022.05.21"]
[Round "1"]
[White "Novomeska, Karin"]
[Black "Berkova, Agata"]
[Result "1-0"]
[WhiteElo "1720"]
[BlackElo "1083"]
[PlyCount "83"]
[EventDate "2022.05.21"]
[EventType "swiss"]
[EventRounds "9"]
[EventCountry "SVK"]
[SourceTitle "CBM 208 Extra"]
[Source "ChessBase"]
[SourceDate "2022.07.31"]
[SourceVersion "1"]
[SourceVersionDate "2022.07.31"]
[SourceQuality "1"]

1. d4 d5 2. c4 c6 3. Nc3 e6 4. Nf3 Nf6 5. Bg5 Be7 6. e3 Nbd7 7. cxd5 exd5 8. Bd3 0-0 9. 0-0 Re8 10. Qc2 h6 11. Bf4 Nb6 12. h3 Bd6 13. Bxd6 Qxd6 14. Ne5 Be6 15. a3 Re7 16. b4 Nc4 17. Bxc4 dxc4 18. Rfb1 b5 19. a4 Rb8 20. axb5 cxb5 21. Ra5 a6 22. Qa2 Rb6 23. Qd2 Bf5 24. Rb2 Ne4 25. Nxe4 Bxe4 26. f3 Bf5 27. Nxc4 bxc4 28. Rxf5 Rc6 29. Rc5 Rxc5 30. bxc5 Qe6 31. Rb8+ Kh7 32. e4 Qc6 33. Qc2 Qe6 34. Rb6 Qc8 35. Qxc4 Ra7 36. d5 a5 37. Rb3 a4 38. Ra3 Qb7 39. Rxa4 Rxa4 40. Qxa4 Qb1+ 41. Kh2 Qb8+ 42. d6 1-0

[Event "EU Union-ch U12"]
[Site "Kouty nad Desnou"]
[Date "2021.08.21"]
[Round "8.8"]
[White "Berkova, Agata"]
[Black "Brezikova, Beata"]
[Result "1-0"]
[WhiteElo "1086"]
[BlackElo "1185"]
[PlyCount "113"]
[EventDate "2021.08.14"]
[EventType "swiss"]
[EventRounds "9"]
[EventCountry "CZE"]
[SourceTitle "EXT 2022"]
[Source "ChessBase"]
[SourceDate "2021.10.06"]
[SourceVersion "1"]
[SourceVersionDate "2021.10.06"]
[SourceQuality "1"]

1. d4 d5 2. Bf4 Nf6 3. Nf3 e6 4. e3 c5 5. c3 Bd6 6. Bg3 Nc6 7. Nbd2 0-0 8. Bd3 Qe7 9. Ne5 Nd7 10. f4 Ncxe5 11. fxe5 Bc7 12. 0-0 b6 13. Nf3 f6 14. exf6 Nxf6 15. Bh4 Qd6 16. Ne5 Bd7 17. Bg3 Rfc8 18. Qf3 Qe7 19. Bh4 Rf8 20. Qg3 Rac8 21. Rf3 Bd8 22. Bxf6 Rxf6 23. Rxf6 Qxf6 24. Nxd7 Qf7 25. Ne5 Qh5 26. Qg4 Qh6 27. Qf3 Rc7 28. Rf1 Bf6 29. Ng4 Qg5 30. Nxf6+ Qxf6 31. Qxf6 gxf6 32. Rxf6 Re7 33. e4 dxe4 34. Bxe4 Kg7 35. Rf3 cxd4 36. cxd4 h6 37. d5 exd5 38. Bxd5 Re1+ 39. Rf1 Rxf1+ 40. Kxf1 Kf6 41. Kf2 Ke5 42. Bb7 Kf4 43. h4 Kg4 44. g3 Kf5 45. Kf3 Kf6 46. g4 Kg6 47. Be4+ Kf6 48. Kf4 Kf7 49. Kf5 Kg7 50. g5 hxg5 51. hxg5 Kf8 52. Kf6 b5 53. g6 a5 54. g7+ Kg8 55. Bd5+ Kh7 56. g8Q+ Kh6 57. Qg6# 1-0

[Event "EU Union-ch U12"]
[Site "Kouty nad Desnou"]
[Date "2021.08.18"]
[Round "5.8"]
[White "Barteckova, Valerie"]
[Black "Berkova, Agata"]
[Result "1-0"]
[WhiteElo "1294"]
[BlackElo "1086"]
[PlyCount "123"]
[EventDate "2021.08.14"]
[EventType "swiss"]
[EventRounds "9"]
[EventCountry "CZE"]
[SourceTitle "EXT 2022"]
[Source "ChessBase"]
[SourceDate "2021.10.06"]
[SourceVersion "1"]
[SourceVersionDate "2021.10.06"]
[SourceQuality "1"]

1. e4 e6 2. d4 d5 3. Nd2 Nc6 4. Ngf3 Nf6 5. Bd3 Be7 6. 0-0 0-0 7. e5 Nd7 8. c3 f6 9. exf6 Bxf6 10. Qc2 g6 11. Re1 e5 12. dxe5 Ndxe5 13. Bf1 Re8 14. Bb5 a6 15. Bxc6 bxc6 16. Nxe5 Bxe5 17. Nf3 Bf6 18. Bf4 Rxe1+ 19. Rxe1 Bf5 20. Qa4 Bd7 21. Qa5 Ra7 22. h3 g5 23. Bg3 g4 24. hxg4 Bxg4 25. Qc5 Rb7 26. Qxc6 Rb8 27. Bxc7 Rc8 28. Bxd8 Rxc6 29. Bxf6 Rxf6 30. Nd4 h5 31. f3 Bd7 32. Re7 Bb5 33. Nxb5 axb5 34. Re5 Ra6 35. a3 Rh6 36. Rxd5 h4 37. Kh2 Kf7 38. Rxb5 Re6 39. Rb4 Re2 40. a4 Kf6 41. a5 Re1 42. Rxh4 Ra1 43. b4 Ke6 44. Rc4 Kd5 45. Rc8 Kd6 46. Rc5 Ra2 47. Kg3 Re2 48. f4 Kd7 49. Re5 Rc2 50. Rc5 Re2 51. Kf3 Re6 52. g4 Rg6 53. f5 Rg8 54. Kf4 Ke7 55. Re5+ Kf6 56. Re6+ Kf7 57. a6 Rc8 58. Re3 Kf6 59. g5+ Kg7 60. b5 Rc4+ 61. Re4 Rxc3 62. b6 1-0

[Event "EU Union-ch U12"]
[Site "Kouty nad Desnou"]
[Date "2021.08.16"]
[Round "3.7"]
[White "Berkova, Agata"]
[Black "Novomeska, Karin"]
[Result "0-1"]
[WhiteElo "1086"]
[BlackElo "1519"]
[PlyCount "68"]
[EventDate "2021.08.14"]
[EventType "swiss"]
[EventRounds "9"]
[EventCountry "CZE"]
[SourceTitle "EXT 2022"]
[Source "ChessBase"]
[SourceDate "2021.10.06"]
[SourceVersion "1"]
[SourceVersionDate "2021.10.06"]
[SourceQuality "1"]

1. c4 e5 2. Nc3 Nc6 3. Nf3 Bc5 4. e3 d6 5. d4 exd4 6. Nxd4 Ne5 7. Be2 Nf6 8. h3 Bd7 9. 0-0 0-0 10. e4 Nc6 11. Be3 Re8 12. Bf3 Ne5 13. b3 Nxf3+ 14. Qxf3 c6 15. a3 Qe7 16. Nf5 Bxf5 17. Bxc5 Bxe4 18. Nxe4 Nxe4 19. Rfe1 dxc5 20. Rxe4 Qxe4 21. Qxe4 Rxe4 22. Kf1 Rd8 23. g3 Rd3 24. Kg2 Rxb3 25. Rd1 g6 26. h4 Rxc4 27. f4 Rd4 28. Re1 c4 29. Kh3 Rxf4 30. Kg2 Rff3 31. h5 Rxg3+ 32. Kf2 gxh5 33. a4 Rbf3+ 34. Ke2 Re3+ 0-1

[Event "EU Union-ch U12"]
[Site "Kouty nad Desnou"]
[Date "2021.08.14"]
[Round "1.9"]
[White "Vana, Jan1111"]
[Black "Berkova, Agata"]
[Result "1-0"]
[WhiteElo "1540"]
[BlackElo "1086"]
[PlyCount "85"]
[EventDate "2021.08.14"]
[EventType "swiss"]
[EventRounds "9"]
[EventCountry "CZE"]
[SourceTitle "EXT 2022"]
[Source "ChessBase"]
[SourceDate "2021.10.06"]
[SourceVersion "1"]
[SourceVersionDate "2021.10.06"]
[SourceQuality "1"]

1. e4 e5 2. Nf3 Nc6 3. Bc4 Bc5 4. 0-0 Nf6 5. d3 0-0 6. Nc3 d6 7. Bg5 h6 8. Bh4 g5 9. Nxg5 Bg4 10. Nf3 Be6 11. Nd5 Bxd5 12. exd5 Nd4 13. Nxd4 Bxd4 14. c3 Bb6 15. Qf3 Kg7 16. Rae1 Re8 17. Re4 h5 18. Qf5 Rh8 19. Qg5+ Kf8 20. Qxf6 Qxf6 21. Bxf6 Rh6 22. Bg5 Rg6 23. Be3 c5 24. Rh4 Ke7 25. Rxh5 Rag8 26. g3 Bd8 27. Rf5 Kf8 28. f4 Bh4 29. Bf2 f6 30. Kh1 Bxg3 31. Bxg3 Rh8 32. Kg2 a6 33. fxe5 dxe5 34. Rxf6+ Rxf6 35. Rxf6+ Ke7 36. Bxe5 Rg8+ 37. Kf2 Rf8 38. Rxf8 Kxf8 39. d6 Ke8 40. Be6 Kf8 41. Bf6 b5 42. d7 b4 43. d8Q# 1-0

[Event "SVK-ch U12 Girls"]
[Site "Stara Lubovna"]
[Date "2021.07.03"]
[Round "9"]
[White "Berkova, Agata"]
[Black "Novomeska, Karin"]
[Result "0-1"]
[WhiteElo "1081"]
[BlackElo "1455"]
[PlyCount "48"]
[EventDate "2021.06.26"]
[EventType "swiss"]
[EventRounds "9"]
[EventCountry "SVK"]
[SourceTitle "CBM 203 Extra"]
[Source "ChessBase"]
[SourceDate "2021.09.30"]
[SourceVersion "1"]
[SourceVersionDate "2021.09.30"]
[SourceQuality "1"]

1. c4 e6 2. Nc3 d5 3. cxd5 exd5 4. d4 Nf6 5. Nf3 Nc6 6. a3 Bd6 7. Bg5 Be7 8. Bxf6 Bxf6 9. Qd3 Be6 10. Rd1 0-0 11. e4 dxe4 12. Nxe4 Bd5 13. Be2 Re8 14. Nxf6+ Qxf6 15. 0-0 Rad8 16. Rd2 Bxf3 17. Qxf3 Nxd4 18. Qxf6 Nxe2+ 19. Rxe2 gxf6 20. Rfe1 Rxe2 21. Kf1 Rxe1+ 22. Kxe1 c5 23. f4 b5 24. g3 a5 0-1

[Event "SVK-ch U12 Girls"]
[Site "Stara Lubovna"]
[Date "2021.06.29"]
[Round "5"]
[White "Berkova, Agata"]
[Black "Horvathova, Hana"]
[Result "1/2-1/2"]
[WhiteElo "1081"]
[BlackElo "1336"]
[PlyCount "71"]
[EventDate "2021.06.26"]
[EventType "swiss"]
[EventRounds "9"]
[EventCountry "SVK"]
[SourceTitle "CBM 203 Extra"]
[Source "ChessBase"]
[SourceDate "2021.09.30"]
[SourceVersion "1"]
[SourceVersionDate "2021.09.30"]
[SourceQuality "1"]

1. c4 e5 2. Nc3 Nc6 3. Nf3 Nf6 4. d4 exd4 5. Nxd4 Nxd4 6. Qxd4 Be7 7. e4 d6 8. Be2 Be6 9. Bf4 0-0 10. 0-0 Re8 11. Rad1 Qd7 12. h3 Qd8 13. Qe3 Nd7 14. b4 Qc8 15. Qg3 Bf6 16. Nb5 a6 17. Nd4 Be5 18. Nxe6 Rxe6 19. Bxe5 Rxe5 20. Bf3 Nf6 21. Rfe1 Re8 22. e5 Rxe5 23. Rxe5 dxe5 24. Qxe5 c6 25. Qd4 Qc7 26. b5 cxb5 27. Bxb7 Re8 28. Bxa6 bxc4 29. Qxc4 Qxc4 30. Bxc4 g6 31. a4 Ra8 32. Ra1 Nd7 33. a5 Nc5 34. a6 Nd7 35. a7 Nb6 36. Bb5 1/2-1/2